नगरी निबंध- गंगा / (Record no. 111299)
[ view plain ]
| 000 -LEADER | |
|---|---|
| fixed length control field | 00977nam a22002537a 4500 |
| 005 - DATE AND TIME OF LATEST TRANSACTION | |
| control field | 20170124102922.0 |
| 010 ## - LIBRARY OF CONGRESS CONTROL NUMBER | |
| LC control number | B-050119 |
| 020 ## - INTERNATIONAL STANDARD BOOK NUMBER | |
| Terms of availability | 238.00 |
| 035 ## - SYSTEM CONTROL NUMBER | |
| System control number | B-050119 |
| 037 ## - SOURCE OF ACQUISITION | |
| Source of stock number/acquisition | Cen Lib/Ret |
| 040 ## - CATALOGING SOURCE | |
| Original cataloging agency | DPL |
| Language of cataloging | HN |
| 082 ## - DEWEY DECIMAL CLASSIFICATION NUMBER | |
| Edition number | 824 |
| Item number | नागरी |
| 245 ## - TITLE STATEMENT | |
| Title | नगरी निबंध- गंगा / |
| Statement of responsibility, etc | संपादक सुधाकर पांडे |
| 246 ## - VARYING FORM OF TITLE | |
| Title proper/short title | nagri nibhand-ganga / |
| Remainder of title | edited by Sudhakar pandey |
| 260 ## - PUBLICATION, DISTRIBUTION, ETC. (IMPRINT) | |
| Place of publication, distribution, etc | नई दिल्ली |
| Name of publisher, distributor, etc | नगरीप्रचारिणी सभा |
| 270 ## - ADDRESS | |
| City | नई दिल्ली |
| 300 ## - PHYSICAL DESCRIPTION | |
| Extent | 106पृ. |
| Dimensions | 23सेमी (सजिल्द) |
| 500 ## - GENERAL NOTE | |
| General note | साधन स्त्रोत |
| 650 ## - SUBJECT ADDED ENTRY--TOPICAL TERM | |
| Topical term or geographic name as entry element | हिंदी साहित्य |
| 9 (RLIN) | 113514 |
| 650 ## - SUBJECT ADDED ENTRY--TOPICAL TERM | |
| Topical term or geographic name as entry element | हिंदी साहित्य-निबंध |
| 9 (RLIN) | 113515 |
| 650 ## - SUBJECT ADDED ENTRY--TOPICAL TERM | |
| Topical term or geographic name as entry element | Hindi Literature |
| 9 (RLIN) | 113516 |
| 650 ## - SUBJECT ADDED ENTRY--TOPICAL TERM | |
| Topical term or geographic name as entry element | Hindi Literature- Essay |
| 9 (RLIN) | 8630 |
| 942 ## - ADDED ENTRY ELEMENTS (KOHA) | |
| Source of classification or shelving scheme | Dewey Decimal Classification |
| Koha item type | Hindi Books |
| Classification part | 824 |
| Call number suffix | नागरी |
| Withdrawn status | Lost status | Damaged status | Not for loan | Collection code | Home library | Current library | Date acquired | Source of acquisition | Cost, normal purchase price | Total Checkouts | Full call number | Barcode | Date last seen | Copy number | Cost, replacement price | Price effective from | Koha item type |
|---|---|---|---|---|---|---|---|---|---|---|---|---|---|---|---|---|---|
| Not For Loan | Reference | Central Library | Central Library | 23/05/2015 | Cen Lib/Ret | 238.00 | 824 नागरी | B-050119 | 23/05/2015 | 2 | 238.00 | 15/09/2016 | Hindi Books | ||||
| Not For Loan | Reference | Central Library | Central Library | 26/12/2015 | Cen Lib/Ret | 238.00 | 824 नागरी | B-050118 | 26/12/2015 | 1 | 238.00 | 26/12/2015 | Hindi Books |
